000 00533nam a2200181Ia 4500
008 240729s9999 xx 000 0 und d
022 _a2813-2815
245 0 _aFrontiers in Sustainable Tourism
260 _aSwitzerland
260 _bFrontiers Media S.A.
650 _a Cities. Urban geography
650 _a Human ecology. Anthropogeography
650 _a Settlements
650 _aGeography. Anthropology. Recreation
856 _uhttps://doaj.org/toc/c3b872523a894dad9621216aeac33bc7
942 _2ddc
942 _cDOAJEJ
999 _c73476
_d73476
945 _a1
_bMadushi Gamage
_c1
_dMadushi Gamage